000 00824cam a22002411 4500
001 e 33001449
003 DLC
005 20260227111224.0
008 780309s1932 ohua 000 0 eng c
010 _ae 33001449
035 _a(OCoLC)3699264
040 _aLibrary, U.S. Office of
_cOOxM
_dOOxM
_dDLC
042 _apremarc
050 0 0 _aL188
_b.H55 1932
110 1 _aOhio.
_bSchool survey commission.
245 1 0 _aEqualizing educational opportunity in Ohio;
_breport of a survey of state and local support of public schools.
_cThe Ohio school survey commission. December 27, 1932.
260 _a[Columbus, O.,
_c1932]
300 _a149 p. incl. tables, diagrs.
_c24 cm.
500 _aPaul R. Mort, director.
650 0 _aTaxation
_zOhio.
650 0 _aEducation
_zOhio
_xFinance.
700 1 _aMort, Paul R.,
_d1894-
999 _c21373
_d21373